| 000 | 01806nam0a2200385 4500 | ||
|---|---|---|---|
| 001 | RU\NLR\bibl\1034883 | ||
| 005 | 20260407073623.0 | ||
| 010 |
_a5-468-00033-4 _bВ пер. _94000 |
||
| 021 |
_aRU _b2006-78646 _93987 |
||
| 035 | _a(nilc)RSL-KNO-002994525 | ||
| 035 | _a(NLR Aleph) 001022324 | ||
| 090 |
_a706416 _c706416 |
||
| 100 | _a20061208d2007 |||y0rusy50 ca | ||
| 101 | 0 | _arus | |
| 102 | _aRU | ||
| 105 | _ay zzzz||||| | ||
| 106 | _ar | ||
| 200 | 1 |
_aКомментарий к Закону Российской Федерации "О защите прав потребителей" _fЯ.Е. Парций |
|
| 210 |
_aМосква _cНорма _d2007[т.е. 2006] _eТверь _gТверской полиграфкомбинат |
||
| 215 |
_a558, [1] с. _d22 |
||
| 225 | 1 | _aКомментарии "Нормы" | |
| 300 | _aФактическая дата выхода в свет: 2006 | ||
| 606 | 1 |
_aПотребители _jЗаконодательные материалы _xЗащита прав _yРоссийская Федерация _91719795 _3RU\NLR\auth\661064567 |
|
| 610 | 0 | _aГосударство и право. Юридические науки -- Гражданское право -- Российская Федерация -- Осуществление и защита гражданских прав -- Комментарий к закону | |
| 686 |
_aХ623.06-328.1"1992"2 _2rubbk |
||
| 686 | _aХ623.210.6-39(2Р) | ||
| 700 | 1 |
_aПарций _bЯ. Е. _gЯков Ефимович _4070 |
|
| 742 | 1 |
_aРоссийская Федерация _tЗаконы _9277893 _3RU\NLR\AUTH\883331 |
|
| 801 | 0 |
_aRU _bРКП _c20061208 |
|
| 801 | 1 |
_aRU _bРГБ _c20061208 |
|
| 801 | 2 |
_aRU _bNLR _c20070123 _grcr |
|
| 942 | _cBOOK | ||
| 980 | _aNB | ||